| 000 | 00721nam a22002177a 4500 | ||
|---|---|---|---|
| 003 | UA-OsUOA | ||
| 001 | 63030 | ||
| 007 | ta | ||
| 008 | 20090916b un ||||| |||| 00| 0 ukr d | ||
| 100 | _aПеревозюк В. | ||
| 090 |
_a352 _bП27 |
||
| 942 | _cSA | ||
| 040 |
_aUA-OsUOA _bukr _cUA-OsUOA _dUA-OsUOA |
||
| 245 | _aФінансова політика місцевого самоврядування: теоретичний аспект | ||
| 300 | _aС.109-118 | ||
| 955 | _a0 | ||
| 041 | _aukr | ||
| 080 | _a352 | ||
| 773 | 0 |
_w63024 _tСвіт фінансів _dТернопіль _d2009 _g2 |
|
| 650 | 7 |
_a35 Державно-адміністративне управління. Військова справа _2UDC |
|
| 999 |
_c349123 _d349123 |
||